A kritikai elmélet a szorongás előtörténetéről
Elmentve itt :
| Szerző: | |
|---|---|
| Dokumentumtípus: | Könyv része |
| Megjelent: |
Pro Philosophia Szegediensi Alapítvány, Magyar Filozófiai Társaság, Státus
Szeged
2025
|
| Sorozat: | Lábjegyzetek Platónhoz
22 A félelem 22 |
| Kulcsszavak: | Filozófia, Szorongás, Félelem |
| Tárgyszavak: | |
| Online Access: | http://acta.bibl.u-szeged.hu/89262 |
| LEADER | 00878naa a2200229 i 4500 | ||
|---|---|---|---|
| 001 | acta89262 | ||
| 005 | 20251213095211.0 | ||
| 008 | 251213s2025 hu o 000 hun d | ||
| 020 | |a 978-615-5727-10-8 | ||
| 022 | |a 1785-7082 | ||
| 040 | |a SZTE Egyetemi Kiadványok Repozitórium |b hun | ||
| 041 | |a hun | ||
| 100 | 1 | |a Hollós Levente | |
| 245 | 1 | 2 | |a A kritikai elmélet a szorongás előtörténetéről |h [elektronikus dokumentum] / |c Hollós Levente |
| 260 | |a Pro Philosophia Szegediensi Alapítvány, Magyar Filozófiai Társaság, Státus |b Szeged |c 2025 | ||
| 300 | |a 255-263 | ||
| 490 | 0 | |a Lábjegyzetek Platónhoz |v 22 | |
| 490 | 0 | |a A félelem |v 22 | |
| 650 | 4 | |a Bölcsészettudományok | |
| 650 | 4 | |a Filozófia, etika és vallástudományok | |
| 695 | |a Filozófia, Szorongás, Félelem | ||
| 856 | 4 | 0 | |u http://acta.bibl.u-szeged.hu/89262/1/platonhoz_022_255-263.pdf |z Dokumentum-elérés |